[Event "Saint Affrique op 15th"]
[Site "Saint Affrique"]
[Date "2007.??.??"]
[Round "5"]
[White "Robert, Calvin"]
[Black "Nari, Alain"]
[Result "1-0"]
[WhiteElo "1009"]
[BlackElo "1499"]
[PlyCount "78"]
[EventDate "2007.07.21"]
[EventType "swiss"]
[EventRounds "9"]
[EventCountry "FRA"]
[SourceTitle "CBM 119 Extra"]
[Source "ChessBase"]
[SourceDate "2007.09.04"]
[SourceVersion "1"]
[SourceVersionDate "2007.09.04"]
[SourceQuality "1"]

1. d4 f5 2. Nc3 e6 3. e4 fxe4 4. Nxe4 Nf6 5. Nxf6+ Qxf6 6. Nf3 b6 7. Bg5 Qf5 8. Bd3 Qg4 9. h3 Qxg2 10. Rh2 Qxh2 11. Nxh2 Bb7 12. Ng4 Bd6 13. Ne5 c5 14. Nc4 Bc7 15. dxc5 bxc5 16. c3 Rf8 17. f4 Bg2 18. Qg4 Bd5 19. Bxh7 d6 20. Bg6+ Kd7 21. Ne3 Bc6 22. 0-0-0 a5 23. a3 Na6 24. f5 Bb6 25. fxe6+ Kc7 26. e7 Rf2 27. Rf1 Rxf1+ 28. Nxf1 c4 29. Qe6 Nc5 30. Qxc4 a4 31. Nd2 Rb8 32. Bf4 Ba7 33. Ne4 Bb5 34. Qf7 Be8 35. Qxg7 Nd3+ 36. Kd2 Nxf4 37. Bxe8 Rxe8 38. Nf6 Ne6 39. Nxe8+ Kd7 1-0